Normal view
MARC view
Entry Personal Name
001 - CONTROL NUMBER
- control field: 1239896
003 - CONTROL NUMBER IDENTIFIER
- control field: OSt
005 - DATE AND TIME OF LATEST TRANSACTION
- control field: 20260514122651.0
008 - FIXED-LENGTH DATA ELEMENTS
- fixed length control field: 260514|| aca||aabn | a|a d
040 ## - CATALOGING SOURCE
- Original cataloging agency: OSt
- Transcribing agency: OSt
100 ## - HEADING--PERSONAL NAME
- Personal name: Shah Dr.Shalu
670 ## - SOURCE DATA FOUND
- Source citation: Work cat.: (OSt)1851600: Shah Dr.Shalu, Assessment of Functional Outcome in Patients of Hirschsprung's Disease Following Two Stage Duhamel Pull Through Operation.
